000 01042nam a2200265 i 4500
001 182034
003 ES-MaACL
005 20250704062534.0
008 130524q18501899fr a | |||||||| ||fre d
100 1 _aDumas, Alexandre,
_d1802-1870
_eaut
_9241135
245 1 5 _a[Une année a Florence /
_cpar Alexandre Dumas].
260 _a[S.l. :
_bs.n.,
_cs.a.] (
_eParis :
_fImp. Simon Raçon)
300 _aP. [329]-502 :
_bil. ;
_c30 cm.
490 1 _aOeuvres completes d'Alexandre Dumas
594 _aTit. y autor tomados de pag.1.
594 _aPrecede al tít.: Impressions de voyage.
596 _aImpreso probablmente segunda mitad del siglo XIX.
597 _aTexto a dos col.
598 _aSerie tomada de la cabecera de la página y al final del texto: "Fin d'une année a Florence et du tome huitième"
599 _aLa il. en pag.1.
830 0 _aOeuvres completes d'Alexandre Dumas
_9191733
852 _aES-MaACL
_jR-1713(4)
_q.- Ejempl. sin portada en un vol. facticio
942 _2udc
999 _c182034
_d182034